HUMAN POPULATION AND THE ENVIRONMENTAL CRISIS (Record no. 11199)
[ view plain ]
| 000 -LEADER | |
|---|---|
| fixed length control field | 00458cam a2200181ua 4500 |
| 008 - FIXED-LENGTH DATA ELEMENTS--GENERAL INFORMATION | |
| fixed length control field | 131212n1990 II |||gr||||Z||||||eng |
| 040 ## - CATALOGING SOURCE | |
| Original cataloging agency | MAIN |
| 041 ## - LANGUAGE CODE | |
| -- | English |
| 082 ## - DEWEY DECIMAL CLASSIFICATION NUMBER | |
| Classification number | 304.28 ZUC |
| 100 ## - MAIN ENTRY--PERSONAL NAME | |
| Personal name | ZUCKERMAN, BEN. |
| 245 ## - TITLE STATEMENT | |
| Title | HUMAN POPULATION AND THE ENVIRONMENTAL CRISIS |
| 260 ## - PUBLICATION, DISTRIBUTION, ETC. | |
| Place of publication, distribution, etc. | NEW YORK |
| Name of publisher, distributor, etc. | JOHN WILLEY & SONS |
| Date of publication, distribution, etc. | 1990 |
| 300 ## - PHYSICAL DESCRIPTION | |
| Extent | 120.: |
| Dimensions | 21cm. |
| 700 ## - ADDED ENTRY--PERSONAL NAME | |
| Personal name | JEFFERSON, DAVID. |
| 942 ## - ADDED ENTRY ELEMENTS (KOHA) | |
| Koha item type | Books |
| 653 ## - INDEX TERM--UNCONTROLLED | |
| Uncontrolled term | Geography & travel |
| Withdrawn status | Lost status | Damaged status | Not for loan | Collection code | Home library | Current library | Shelving location | Date acquired | Full call number | Barcode | Date last seen | Copy number | Price effective from | Koha item type | Public note |
|---|---|---|---|---|---|---|---|---|---|---|---|---|---|---|---|
| Environmental science | Central Library and Information Centre Sibsagar Girls College | Central Library and Information Centre Sibsagar Girls College | Environmental Sc Rack | 24.04.2002 | 304.28 ZUC | 17475 | 27.02.2020 | 1 | 27.02.2020 | Books | V |